[Event "RLEV #1"]
[Site "SchemingMind.com"]
[Date "2009.06.18"]
[Round "-"]
[White "andu"]
[Black "Aumonde"]
[Result "1-0"]
[WhiteCountry "AUT"]
[BlackCountry "USA"]
[WhiteElo "1892"]
[WhiteRD "50"]
[BlackElo "1993"]
[BlackRD "62"]
[GameID "209176"]

1. e4 e5 2. Nf3 Nc6 3. Bb5 a6 4. Bxc6 bxc6 5. O-O d5 6. Nxe5 dxe4 7. Nc3 Bb7 8. Nxe4 Nf6 9. Nxf6+ Qxf6 10. d4 Bd6
11. Ng4 Qh4 12. g3 Qh3 13. Re1+ Kf8 14. Qf3 Qh5 15. Bf4 Qd5 16. Qxd5 cxd5 17. Bxd6+ cxd6 18. b3 h5 19. Ne3 Rh6 20. a4 Re6
21. f3 Rc8 22. Rac1 Rc3 23. Kf2 Re8 24. Re2 Rec8 25. Rce1 g6 26. h4 a5 27. g4 hxg4 28. fxg4 Re8 29. h5 Re4 30. h6 Kg8
31. Rd1 f6 32. Rh1 Ba6 33. Ree1 Rxd4 34. h7+ Kh8 35. Rh6 Rf4+ 36. Kg1 Re4 37. Ng2 Rxe1+ 38. Nxe1 Rg3+ 39. Kf2 Rxg4 40. Ng2 Bc8
41. Nh4 Bf5 42. Nxf5 Rf4+ 43. Ke3 Rxf5 44. Rxg6 Kxh7 45. Rg3 Rh5 46. Kd4
1-0

[Event "RLEV #1"]
[Site "SchemingMind.com"]
[Date "2009.06.18"]
[Round "-"]
[White "Aumonde"]
[Black "andu"]
[Result "1-0"]
[WhiteCountry "USA"]
[BlackCountry "AUT"]
[WhiteElo "2110"]
[WhiteRD "70"]
[BlackElo "1835"]
[BlackRD "49"]
[GameID "209177"]

1. e4 e5 2. Nf3 Nc6 3. Bb5 a6 4. Bxc6 dxc6 5. O-O Qd6 6. d4 exd4 7. Nxd4 Bd7 8. Nc3 O-O-O 9. Be3 Nf6 10. Qd2 Qe7
11. Rad1 Nxe4 12. Nxe4 Qxe4 13. f3 Qd5 14. Rfe1 Bc5 15. Qc3 Bb6 16. Ne6 Qxe6 17. Bxb6 Qxe1+ 18. Rxe1 cxb6 19. Re2 Rhg8 20. Re7 f6
21. Qd3 g6 22. Rxh7 Bf5 23. Qb3 g5 24. Rf7 Rgf8 25. Rxf8 Rxf8 26. Qxb6 Re8 27. Qd4
1-0

[Event "RLEV #1"]
[Site "SchemingMind.com"]
[Date "2009.06.18"]
[Round "-"]
[White "Heidi"]
[Black "Aumonde"]
[Result "0-1"]
[WhiteCountry "USA"]
[BlackCountry "USA"]
[WhiteElo "979"]
[WhiteRD "69"]
[BlackElo "2090"]
[BlackRD "72"]
[GameID "209180"]

1. e4 e5 2. Nf3 Nc6 3. Bb5 a6 4. Bxc6 bxc6 5. d4 d5 6. dxe5 Bg4 7. exd5 cxd5 8. Qd2 Bxf3 9. O-O Be4 10. Re1 Be7
11. h3 h6 12. Nc3 Bg5 13. Qe2 f5 14. Be3 f4 15. Qh5+ Kf8 16. Bc5+ Ne7 17. Nxd5 Qxd5 18. e6 Bg6 19. Qe2 Qxc5 20. Rad1 Bf5
21. Qe5 Qb6 22. Rd7 Bf6 23. Qd5 Nxd5 24. Rxd5 Bxe6 25. Rd2 Bc8 26. c4 Bb7 27. Rde2 Qc6 28. f3 Bd4+ 29. Kf1 Be3 30. g3 Qxf3+
31. Rf2 Qxf2#
0-1

[Event "RLEV #1"]
[Site "SchemingMind.com"]
[Date "2009.06.18"]
[Round "-"]
[White "Heidi"]
[Black "andu"]
[Result "0-1"]
[WhiteCountry "USA"]
[BlackCountry "AUT"]
[WhiteElo "979"]
[WhiteRD "69"]
[BlackElo "1669"]
[BlackRD "64"]
[GameID "209181"]

1. e4 e5 2. Nf3 Nc6 3. Bb5 a6 4. Bxc6 dxc6 5. O-O Nf6 6. d3 Bc5 7. Bg5 h6 8. Bxf6 Qxf6 9. Nbd2 O-O 10. Nc4 Re8
11. h3 Be6 12. Ncxe5 Bc8 13. Qe2 Bd6 14. Rfe1 Bxe5 15. Nxe5 Qxe5 16. f3 Qg3 17. Rf1 Bxh3 18. Qf2 Qxf2+ 19. Rxf2 Be6 20. Kf1 c5
21. b3 b5 22. Ke2 a5 23. g4 a4 24. b4 c4 25. Rh2 cxd3+ 26. cxd3 Red8 27. Rah1 Kh7 28. g5 Rd4 29. f4 Rxb4 30. a3 Rb2+
31. Kf3 Rxh2 32. Rxh2 Rd8 33. f5 Bc8 34. gxh6 gxh6 35. Rd2 Ba6 36. Kg4 b4 37. axb4 Rxd3 38. Rh2 f6 39. e5 Rd4+ 40. Kh5 fxe5
41. Rg2 Bc4 42. f6 Bf7+ 43. Rg6 Bxg6#
0-1

[Event "RLEV #1"]
[Site "SchemingMind.com"]
[Date "2009.06.18"]
[Round "-"]
[White "Aumonde"]
[Black "Heidi"]
[Result "1-0"]
[WhiteCountry "USA"]
[BlackCountry "USA"]
[WhiteElo "2090"]
[WhiteRD "72"]
[BlackElo "979"]
[BlackRD "69"]
[GameID "209182"]

1. e4 e5 2. Nf3 Nc6 3. Bb5 a6 4. Bxc6 dxc6 5. Nxe5 Qd4 6. Nf3 Qxe4+ 7. Qe2 Bf5 8. d3 Qe6 9. Be3 O-O-O 10. Nd4 Bb4+
11. c3 Qd6 12. Nxf5 Qf8 13. cxb4 Qxb4+ 14. Nc3 Nf6 15. O-O Rhe8 16. Qc2 Qg4 17. Ng3 Nh5 18. Qd1 f5 19. Qxg4 fxg4 20. Nxh5 g6
21. Nf6 Re7 22. Nxg4 h5 23. Bg5 Red7 24. Bxd8 Rxd8 25. Ne5 c5 26. Rfd1 a5 27. Nxg6 b6 28. Rac1 Kb7 29. Na4 b5 30. Nxc5+
1-0

[Event "RLEV #1"]
[Site "SchemingMind.com"]
[Date "2009.06.18"]
[Round "-"]
[White "andu"]
[Black "Heidi"]
[Result "1-0"]
[WhiteCountry "AUT"]
[BlackCountry "USA"]
[WhiteElo "1669"]
[WhiteRD "64"]
[BlackElo "979"]
[BlackRD "69"]
[GameID "209183"]

1. e4 e5 2. Nf3 Nc6 3. Bb5 a6 4. Bxc6 dxc6 5. O-O Bc5 6. d3 Nf6 7. Nc3 O-O 8. Nxe5 Bg4 9. Nxg4 Nh5 10. Ne5 Qh4
11. Ng4 Rfe8 12. Be3 Bxe3 13. fxe3 Re6 14. d4 Rg6 15. Ne5 Rg5 16. Nf3 Rxg2+ 17. Kxg2 Qg4+ 18. Kh1 Ng3+= 19. hxg3 h5 20. Nh2 Qxg3
21. Rg1 Qf2 22. Qxh5 Re8 23. Qh6 Qxe3 24. Qxg7#
1-0

[Event "RLEV #1"]
[Site "SchemingMind.com"]
[Date "2009.06.20"]
[Round "-"]
[White "DandyLion"]
[Black "Aumonde"]
[Result "0-1"]
[WhiteCountry "IRL"]
[BlackCountry "USA"]
[WhiteElo "1908"]
[WhiteRD "70"]
[BlackElo "2030"]
[BlackRD "63"]
[GameID "209332"]

1. e4 e5 2. Nf3 Nc6 3. Bb5 a6 4. Bxc6 dxc6 5. d3 Bg4 6. O-O Nf6 7. Bg5 Bd6 8. Nbd2 O-O 9. h3 Bh5 10. c3 Re8
11. Re1 h6 12. Bh4 c5 13. Qb3 b5 14. a4 c6 15. Nh2 Bc7 16. axb5 cxb5 17. c4 g5 18. Bg3 Ba5 19. Nhf1 Bb4 20. Rec1 Be2
21. cxb5 axb5 22. Rxa8 Qxa8 23. Nf3 Bxf3 24. gxf3 Nh5 25. Ne3 Nxg3 26. fxg3 Bd2 27. Nd5 Bxc1 28. Nf6+ Kf8 29. Nxe8 Be3+ 30. Kg2 Qa1
31. h4 Qg1+ 32. Kh3 Bf2 33. Kg4 Qxg3+ 34. Kh5 Qxh4#
0-1

[Event "RLEV #1"]
[Site "SchemingMind.com"]
[Date "2009.06.20"]
[Round "-"]
[White "DandyLion"]
[Black "Heidi"]
[Result "1-0"]
[WhiteCountry "IRL"]
[BlackCountry "USA"]
[WhiteElo "1876"]
[WhiteRD "103"]
[BlackElo "979"]
[BlackRD "69"]
[GameID "209333"]

1. e4 e5 2. Nf3 Nc6 3. Bb5 a6 4. Bxc6 bxc6 5. Nxe5 Qf6 6. d4 Bb4+ 7. Nc3 c5 8. O-O d6 9. Nd5 Qh4 10. Nf3 Nf6
11. Nxh4 Nxd5 12. exd5 Kd7 13. c3 Ba5 14. Bd2 Re8 15. Qf3 Rb8 16. b3 Bb6 17. dxc5 Bxc5 18. c4 h6 19. Rae1 Bb7 20. Rxe8 Kxe8
21. Re1+ Kf8 22. Be3 Bb4 23. Re2 Bc8 24. Nf5 g6 25. Nxh6 Bd7 26. h3 Ke8 27. Qxf7+ Kd8 28. Bg5+ Kc8 29. Qe8+ Bxe8 30. Rxe8+ Kb7
31. Rxb8+ Kxb8 32. g4 Kb7 33. h4 c6 34. dxc6+ Kxc6 35. h5 gxh5 36. gxh5
1-0

[Event "RLEV #1"]
[Site "SchemingMind.com"]
[Date "2009.06.20"]
[Round "-"]
[White "DandyLion"]
[Black "andu"]
[Result "1/2-1/2"]
[WhiteCountry "IRL"]
[BlackCountry "AUT"]
[WhiteElo "1936"]
[WhiteRD "72"]
[BlackElo "1892"]
[BlackRD "50"]
[GameID "209334"]

1. e4 e5 2. Nf3 Nc6 3. Bb5 a6 4. Bxc6 dxc6 5. d4 exd4 6. Qxd4 Qxd4 7. Nxd4 Bc5 8. Be3 Nf6 9. Nc3 O-O 10. O-O-O Ng4
11. Rhe1 Nxh2 12. f3 h6 13. Rh1 Ng4 14. fxg4 Bxg4 15. Rd2 Rad8 16. Re1 Rfe8 17. Nf3 Bxe3 18. Rxe3 f5 19. e5 Bxf3 20. gxf3 f4
21. Re4 g5 22. Ne2 Kf7 23. Nd4 c5 24. Nb3 Rxd2 25. Kxd2 b6 26. Kd3 Ke6 27. a4 Kf5 28. Nd2 Rxe5 29. a5 bxa5=
1/2-1/2

[Event "RLEV #1"]
[Site "SchemingMind.com"]
[Date "2009.06.19"]
[Round "-"]
[White "Aumonde"]
[Black "DandyLion"]
[Result "1-0"]
[WhiteCountry "USA"]
[BlackCountry "IRL"]
[WhiteElo "2030"]
[WhiteRD "63"]
[BlackElo "1908"]
[BlackRD "70"]
[GameID "209335"]

1. e4 e5 2. Nf3 Nc6 3. Bb5 a6 4. Bxc6 dxc6 5. Nxe5 Qd4 6. f4 Qxe4+ 7. Qe2 Qxe2+ 8. Kxe2 Bf5 9. d3 Bc5 10. Be3 Bxe3
11. Kxe3 Nf6 12. Nc3 O-O 13. Kd2 Rad8 14. Rae1 Nd5 15. g4 Bc8 16. f5 f6 17. Nf3 Rfe8 18. Rxe8+ Rxe8 19. Ne4 b6 20. c4 Ne7
21. b4 Kf7 22. Rf1 Bd7 23. a4 c5 24. bxc5 Bxa4 25. cxb6 Nc8 26. bxc7 Bc6 27. Nc5 Re7 28. Nd4 Bg2 29. Rg1 Ba8 30. Rb1 Rxc7
31. Nce6 Ra7 32. Rb8 Nd6 33. Nd8+ Ke7 34. N8c6+ Kd7 35. Nxa7
1-0

[Event "RLEV #1"]
[Site "SchemingMind.com"]
[Date "2009.06.19"]
[Round "-"]
[White "Heidi"]
[Black "DandyLion"]
[Result "0-1"]
[WhiteCountry "USA"]
[BlackCountry "IRL"]
[WhiteElo "979"]
[WhiteRD "69"]
[BlackElo "1876"]
[BlackRD "103"]
[GameID "209336"]

1. e4 e5 2. Nf3 Nc6 3. Bb5 a6 4. Bxc6 dxc6 5. d4 exd4 6. Nxd4 Nf6 7. f3 Bc5 8. c3 O-O 9. O-O Re8 10. b4 Bb6
11. h3 c5 12. bxc5 Bxc5 13. Na3 Ba7 14. Kh2 c5 15. e5 Rxe5 16. Nf5 Qxd1 17. Rxd1 Bxf5 18. Bg5 Re6 19. Rd3 h6 20. Re3 Rxe3
21. Bxe3 Re8 22. h4 Kh7 23. Nc4 b5 24. Nd6 Rxe3 25. Kg3 c4 26. Nxf5 Re2 27. Rd1 Bf2+ 28. Kf4 g6 29. Ne7 Rxa2 30. Rd6 Kg7
31. h5 Nxh5+ 32. Ke5 a5 33. Nxg6 f6+ 34. Ke6 Kxg6 35. f4 Ng7+ 36. Ke7 Nf5+
0-1

[Event "RLEV #1"]
[Site "SchemingMind.com"]
[Date "2009.06.20"]
[Round "-"]
[White "andu"]
[Black "DandyLion"]
[Result "0-1"]
[WhiteCountry "AUT"]
[BlackCountry "IRL"]
[WhiteElo "1669"]
[WhiteRD "64"]
[BlackElo "1876"]
[BlackRD "103"]
[GameID "209337"]

1. e4 e5 2. Nf3 Nc6 3. Bb5 a6 4. Bxc6 dxc6 5. O-O Qf6 6. d4 exd4 7. Bg5 Qg6 8. Re1 Bg4 9. Bf4 O-O-O 10. Qd3 Bb4
11. Nbd2 Bxf3 12. e5 Qxg2#
0-1

[Event "RLEV #1"]
[Site "SchemingMind.com"]
[Date "2009.06.22"]
[Round "-"]
[White "jtrochez1"]
[Black "Aumonde"]
[Result "1-0"]
[WhiteCountry "HON"]
[BlackCountry "USA"]
[WhiteElo "1601"]
[WhiteRD "55"]
[BlackElo "1993"]
[BlackRD "62"]
[GameID "209415"]

1. e4 e5 2. Nf3 Nc6 3. Bb5 a6 4. Bxc6 dxc6 5. h3 Bd6 6. d3 Ne7 7. Bg5 f6 8. Be3 f5 9. a3 f4 10. Bd2 c5
11. c4 O-O 12. Nc3 Nc6 13. Qc2 Nd4 14. Nxd4 exd4 15. Na2 Qh4 16. O-O-O Qxf2 17. Be1 Qe3+ 18. Kb1 f3 19. gxf3 Qxf3 20. Rg1 Qxh3
21. Nc3 dxc3 22. Bxc3
1-0

[Event "RLEV #1"]
[Site "SchemingMind.com"]
[Date "2009.06.22"]
[Round "-"]
[White "jtrochez1"]
[Black "Heidi"]
[Result "1-0"]
[WhiteCountry "HON"]
[BlackCountry "USA"]
[WhiteElo "1601"]
[WhiteRD "55"]
[BlackElo "986"]
[BlackRD "71"]
[GameID "209416"]

1. e4 e5 2. Nf3 Nc6 3. Bb5 a6 4. Bxc6 dxc6 5. h3 Nf6 6. d3 Bc5 7. Qe2 O-O 8. c3 Nd7 9. Nxe5 Nxe5 10. d4 Bd6
11. dxe5 Bxe5 12. Be3 f6 13. Nd2 b5 14. O-O c5 15. Bxc5 Re8 16. Rad1 Rf8 17. Bxf8 Qxf8 18. Nf3 Bf4 19. Rd3 f5 20. Rfd1 Bb7
21. e5 Re8 22. a3 Be4 23. Rd7 h6 24. Rxc7 Bxe5 25. Rdd7 Bxc7 26. Rxc7 Bd5 27. Qc2 Bxf3 28. gxf3 Re1+ 29. Kg2 Qf6 30. f4 Qg6+
31. Kf3 Qe6 32. Qd2 Rg1 33. Qd3 Qc6+ 34. Rxc6 Rb1 35. Qxb1
1-0

[Event "RLEV #1"]
[Site "SchemingMind.com"]
[Date "2009.06.22"]
[Round "-"]
[White "jtrochez1"]
[Black "andu"]
[Result "0-1"]
[WhiteCountry "HON"]
[BlackCountry "AUT"]
[WhiteElo "1520"]
[WhiteRD "54"]
[BlackElo "1835"]
[BlackRD "49"]
[GameID "209417"]

1. e4 e5 2. Nf3 Nc6 3. Bb5 a6 4. Bxc6 dxc6 5. h3 Nf6 6. O-O Bd6 7. d3 O-O 8. Bg5 h6 9. Bh4 Re8 10. Nc3 Qe7
11. a3 Bd7 12. Ne2 Qe6 13. Bxf6 Qxf6 14. Ng3 Rad8 15. c3 a5 16. a4 Bc5 17. Kh1 g6 18. Qc1 Kg7 19. Ne2 Bxh3 20. d4 exd4
21. cxd4 Ba7 22. e5 Qf5 23. Ng3 Qg4 24. Qc3 Bxd4 25. Nxd4 Rxd4 26. Rae1 Qh4 27. Kg1 Be6 28. Ne4 Rxe4 29. Rxe4 Qxe4 30. Qxa5 Bd5
31. f3 Qd4+ 32. Kh1 Rxe5
0-1

[Event "RLEV #1"]
[Site "SchemingMind.com"]
[Date "2009.06.22"]
[Round "-"]
[White "jtrochez1"]
[Black "DandyLion"]
[Result "0-1"]
[WhiteCountry "HON"]
[BlackCountry "IRL"]
[WhiteElo "1601"]
[WhiteRD "55"]
[BlackElo "1936"]
[BlackRD "72"]
[GameID "209418"]

1. e4 e5 2. Nf3 Nc6 3. Bb5 a6 4. Bxc6 dxc6 5. h3 Bc5 6. d3 Nf6 7. Qe2 Qe7 8. c3 O-O 9. Be3 Re8 10. Nbd2 b5
11. O-O Bb7 12. b4 Bb6 13. Bxb6 cxb6 14. Ne1 c5 15. Qe3 Rad8 16. a3 Qd6 17. Ndf3 c4 18. Rd1 Nxe4 19. Qc1 Nf6 20. Nh2 cxd3
21. Nxd3 Qc6 22. f3 Nd5 23. Ng4 f6 24. Ndxe5 fxe5 25. Qg5 h6 26. Qc1 Nxc3 27. Rde1 e4 28. fxe4 Qc4 29. Kh2 Nxe4 30. Qxc4+ bxc4
31. Ne3 b5 32. Nc2 Nd2 33. Rxe8+ Rxe8 34. Re1 Rxe1 35. Nxe1 Be4 36. Kg3 Nb1
0-1

[Event "RLEV #1"]
[Site "SchemingMind.com"]
[Date "2009.06.22"]
[Round "-"]
[White "Aumonde"]
[Black "jtrochez1"]
[Result "0-1"]
[WhiteCountry "USA"]
[BlackCountry "HON"]
[WhiteElo "1993"]
[WhiteRD "62"]
[BlackElo "1601"]
[BlackRD "55"]
[GameID "209419"]

1. e4 e5 2. Nf3 Nc6 3. Bb5 a6 4. Bxc6 bxc6 5. O-O d6 6. d4 Be7 7. dxe5 Bg4 8. Nc3 Bxf3 9. Qxf3 dxe5 10. Qg3 Bf6
11. Rd1 Qc8 12. Bg5 Qe6 13. Na4 Qc4 14. Bxf6 gxf6 15. Rac1 Kf8 16. Nc3 Ne7 17. Rd7 Rg8 18. Qh4 Qe6 19. Rxc7 Rg7 20. Rd1 Ng6
21. Qh6 Ne7 22. Qe3 Rg6
0-1

[Event "RLEV #1"]
[Site "SchemingMind.com"]
[Date "2009.06.22"]
[Round "-"]
[White "Heidi"]
[Black "jtrochez1"]
[Result "0-1"]
[WhiteCountry "USA"]
[BlackCountry "HON"]
[WhiteElo "986"]
[WhiteRD "71"]
[BlackElo "1601"]
[BlackRD "55"]
[GameID "209420"]

1. e4 e5 2. Nf3 Nc6 3. Bb5 a6 4. Bxc6 bxc6 5. Nxe5 Nf6 6. Nc3 Bd6 7. Nd3 Be7 8. f4 d6 9. Nf2 O-O 10. O-O Bd7
11. d3 Qb8 12. f5 Re8 13. Ng4 Nxg4 14. Qxg4 Bf6 15. Ne2 d5 16. Bh6 Kh8 17. Rf3 gxh6 18. Rg3 Rg8 19. Qh4 Bxh4 20. Rh3 Bg5
21. Rf1 f6 22. Nf4 Qxb2 23. Nh5 Qxc2 24. Rg3 Qxa2 25. Nxf6 Bxf6 26. Re3 Rab8 27. Rf2 Rb1+ 28. Rf1 Qxg2#
0-1

[Event "RLEV #1"]
[Site "SchemingMind.com"]
[Date "2009.06.22"]
[Round "-"]
[White "andu"]
[Black "jtrochez1"]
[Result "1-0"]
[WhiteCountry "AUT"]
[BlackCountry "HON"]
[WhiteElo "1835"]
[WhiteRD "49"]
[BlackElo "1520"]
[BlackRD "54"]
[GameID "209421"]

1. e4 e5 2. Nf3 Nc6 3. Bb5 a6 4. Bxc6 bxc6 5. O-O d6 6. h3 c5 7. Nc3 Nf6 8. d3 h6 9. a3 Be7 10. b4 c6
11. bxc5 dxc5 12. Nxe5 Bb7 13. Rb1 Qc8 14. Na4 Qc7 15. Bf4 Qc8 16. Nb6 Qe6 17. Nxa8 Bxa8 18. Rb8+ Bd8 19. Rxa8 O-O 20. Rxa6 Qc8
21. Rxc6 Qa8 22. Qa1 Be7 23. Qa2 Qb7 24. Rb1 Qa7 25. Ng6 Re8 26. Rc7
1-0

[Event "RLEV #1"]
[Site "SchemingMind.com"]
[Date "2009.06.22"]
[Round "-"]
[White "DandyLion"]
[Black "jtrochez1"]
[Result "1-0"]
[WhiteCountry "IRL"]
[BlackCountry "HON"]
[WhiteElo "1908"]
[WhiteRD "70"]
[BlackElo "1594"]
[BlackRD "53"]
[GameID "209422"]

1. e4 e5 2. Nf3 Nc6 3. Bb5 a6 4. Bxc6 bxc6 5. Nxe5 Nf6 6. d3 Bd6 7. Nf3 h6 8. O-O Be7 9. Re1 d6 10. Nc3 O-O
11. d4 Bg4 12. Bf4 Nh5 13. Be3 Qc8 14. h3 Bd7 15. Qd2 Kh7 16. Rad1 Nf6 17. e5 Ng8 18. Bf4 d5 19. a3 Be6 20. Na4 Qb7
21. b4 Qc8 22. Qc3 Bd7 23. Nc5 Re8 24. Re2 Bd8 25. Ne1 Be6 26. Ned3 Ne7 27. Nxe6 Qxe6 28. Nc5 Qg6 29. Rd3 Nf5 30. Rf3 Bg5
31. Qd3 Nh4 32. Rg3 Qxd3 33. Nxd3 Ng6 34. Bxg5 hxg5 35. Rxg5 a5 36. Rf5 Kg8 37. Re3 axb4 38. axb4 Re7 39. Nc5 Nh4 40. Rf4 Ng6
41. Rg4 Nf8 42. h4 Nd7 43. Reg3 g6 44. h5 Nf8 45. hxg6 fxg6 46. Rh3 Rh7 47. Rxh7 Kxh7 48. Kf1 Ra2 49. c3 Rc2 50. Rg3 Kg7
51. Re3 Rc1+ 52. Ke2 Rc2+ 53. Kf3 g5 54. Kg3 Ra2 55. Rf3 Ra8 56. Kg4 Nh7 57. Ne6+ Kg6 58. Nxc7 Rc8 59. Ne6 Re8 60. Nxg5 Nxg5
61. Rf6+ Kg7 62. Kxg5 Rg8 63. Rg6+ Kf8 64. Rxg8+ Kxg8 65. Kf6
1-0

[Event "RLEV #1"]
[Site "SchemingMind.com"]
[Date "2009.06.26"]
[Round "-"]
[White "Keith Kelchner"]
[Black "jtrochez1"]
[Result "1-0"]
[WhiteCountry "USA"]
[BlackCountry "HON"]
[WhiteElo "1655"]
[WhiteRD "90"]
[BlackElo "1538"]
[BlackRD "49"]
[GameID "209532"]

1. e4 e5 2. Nf3 Nc6 3. Bb5 a6 4. Bxc6 bxc6 5. O-O d6 6. h3 h6 7. d3 Be7 8. Be3 Bf6 9. Nbd2 Ne7 10. c3 Be6
11. d4 O-O 12. Nb3 Bxb3 13. Qxb3 Rb8 14. Qc2 Ng6 15. Rab1 Be7 16. Qa4 Rb6 17. d5 c5 18. a3 Qa8 19. b4 Rfb8 20. Nd2 R6b7
21. g3 cxb4 22. axb4 Nf8 23. f3 Rd8 24. Nc4 Nd7 25. Na5 Nb6 26. Qc6 Rbb8 27. Qxc7 Rd7 28. Qc6 Qxc6 29. Nxc6 Rbb7 30. Bxb6 Rxb6
31. Nxe7+ Rxe7 32. Ra1 Rc7 33. Rfc1 Kf8 34. Ra4 f6 35. Kf2 Ke7 36. c4 Rcb7 37. c5 dxc5 38. bxc5 Rb2+ 39. Kf1 Ra7 40. c6 Kd6
41. Rac4 Rc7 42. Ra4 Ra7 43. Rca1 Rb6 44. h4 g6 45. Kf2 f5 46. R4a3 h5 47. Ke3 fxe4 48. fxe4 Kc7 49. Kf3 Kd6 50. g4 Kc7
51. Rg1 Rb8 52. gxh5 Rg8 53. hxg6 Kd6 54. h5 a5 55. h6 Kc5 56. h7 Rf8+ 57. Ke3 Kb4 58. Ra2 Kb3 59. Rf2
1-0

[Event "RLEV #1"]
[Site "SchemingMind.com"]
[Date "2009.06.26"]
[Round "-"]
[White "Keith Kelchner"]
[Black "Heidi"]
[Result "1-0"]
[WhiteCountry "USA"]
[BlackCountry "USA"]
[WhiteElo "1662"]
[WhiteRD "89"]
[BlackElo "812"]
[BlackRD "65"]
[GameID "209534"]

1. e4 e5 2. Nf3 Nc6 3. Bb5 a6 4. Bxc6 dxc6 5. O-O Bg4 6. h3 Bxf3 7. Qxf3 Bc5 8. Nc3 Qd7 9. d3 f5 10. exf5 Nf6
11. Re1 O-O 12. Rxe5 Rfd8 13. Rxc5 Qd6 14. Be3 Re8 15. Rc4 Nd7 16. Bf4 Qf6 17. Qg4 b5 18. Re4 Ne5 19. Bxe5 Rxe5 20. Rxe5 Qxe5
21. f6 Qxf6 22. Qd7 h6 23. Qxc7 Qf8 24. Qxc6 Re8 25. Kf1 Re7 26. Re1
1-0

[Event "RLEV #1"]
[Site "SchemingMind.com"]
[Date "2009.06.21"]
[Round "-"]
[White "Keith Kelchner"]
[Black "andu"]
[Result "0-1"]
[WhiteCountry "USA"]
[BlackCountry "AUT"]
[WhiteElo "1676"]
[WhiteRD "86"]
[BlackElo "2029"]
[BlackRD "49"]
[GameID "209535"]

1. e4 e5 2. Nf3 Nc6 3. Bb5 a6 4. Bxc6 dxc6 5. Nxe5 Qd4 6. d3 Qxe5 7. c3 Bd6 8. f4 Qb5 9. Be3 Qxb2 10. Nd2 Qxc3
11. Ke2 Bg4+ 12. Nf3 Qb2+ 13. Kf1 Nf6 14. Bd4 Qxd4 15. Nxd4 Bxd1 16. Rxd1 Bxf4 17. Rb1 O-O-O 18. Ne2 g5 19. Rd1 Ng4 20. h3 Ne3+
21. Kf2 Nc2 22. g3 Be3+ 23. Kg2 Bb6 24. Rd2 Ne3+ 25. Kf3 Nc4 26. Rc2 Rxd3+ 27. Kg4 Ne3+
0-1

[Event "RLEV #1"]
[Site "SchemingMind.com"]
[Date "2009.06.21"]
[Round "-"]
[White "Keith Kelchner"]
[Black "DandyLion"]
[Result "0-1"]
[WhiteCountry "USA"]
[BlackCountry "IRL"]
[WhiteElo "1676"]
[WhiteRD "86"]
[BlackElo "1921"]
[BlackRD "75"]
[GameID "209536"]

1. e4 e5 2. Nf3 Nc6 3. Bb5 a6 4. Bxc6 bxc6 5. Nxe5 Qg5 6. d4 Qxg2 7. Qf3 Qxf3 8. Nxf3 c5 9. d5 Nf6 10. Nc3 Bb7
11. Bf4 d6 12. O-O-O g6 13. h3 Bg7 14. a3 O-O 15. Rhe1 Nh5 16. Bd2 Rfe8 17. Na4 Rab8 18. Ba5 Re7 19. Kb1 Nf4 20. h4 Bc8
21. Nh2 Be5 22. Nf3 Bf6 23. Bd2 Ng2 24. Rg1 Nxh4 25. Nxh4 Bxh4 26. f3 Bf6 27. Bc3 Bg7 28. Bxg7 Kxg7 29. Nc3 h5 30. Ne2 Bd7
31. c4 Ba4 32. Rd3 Rb3 33. Rxb3 Bxb3 34. Nc1 Bxc4 35. b3 Bb5 36. a4 Bd7 37. Ne2 Kh6 38. Kb2 g5 39. Ng3 h4 40. Nf5+ Bxf5
41. exf5 Re5
0-1

[Event "RLEV #1"]
[Site "SchemingMind.com"]
[Date "2009.06.22"]
[Round "-"]
[White "jtrochez1"]
[Black "Keith Kelchner"]
[Result "0-1"]
[WhiteCountry "HON"]
[BlackCountry "USA"]
[WhiteElo "1629"]
[WhiteRD "54"]
[BlackElo "1676"]
[BlackRD "86"]
[GameID "209537"]

1. e4 e5 2. Nf3 Nc6 3. Bb5 a6 4. Bxc6 bxc6 5. O-O d6 6. h3 Nf6 7. d3 h6 8. Nc3 Be7 9. Nh2 Bd7 10. Re1 O-O
11. Be3 Be6 12. f4 exf4 13. Bxf4 Re8 14. Qf3 d5 15. exd5 cxd5 16. Kh1 d4 17. Ne4 Rb8 18. Nxf6+ Bxf6 19. b3 Rb6 20. Rac1 c5
21. Ng4 Bg5 22. Rcd1 a5 23. a4 Bxf4 24. Qxf4 Bxg4 25. Qxg4 Rbe6 26. Rxe6 Rxe6 27. Qf4 Qd5 28. Rf1 Re2 29. Rf2 Qe6 30. Kg1 f6
31. Qf3 Re3 32. Qa8+ Kh7 33. Qxa5 Re1+ 34. Rf1 Qe3+
0-1

[Event "RLEV #1"]
[Site "SchemingMind.com"]
[Date "2009.06.21"]
[Round "-"]
[White "Aumonde"]
[Black "Keith Kelchner"]
[Result "0-1"]
[WhiteCountry "USA"]
[BlackCountry "USA"]
[WhiteElo "1993"]
[WhiteRD "62"]
[BlackElo "1701"]
[BlackRD "92"]
[GameID "209538"]

1. e4 e5 2. Nf3 Nc6 3. Bb5 a6 4. Bxc6 bxc6 5. O-O d6 6. d3 h6 7. Nc3 Nf6 8. d4 exd4 9. Qxd4 Be7 10. e5 Nd5
0-1

[Event "RLEV #1"]
[Site "SchemingMind.com"]
[Date "2009.06.21"]
[Round "-"]
[White "Heidi"]
[Black "Keith Kelchner"]
[Result "0-1"]
[WhiteCountry "USA"]
[BlackCountry "USA"]
[WhiteElo "909"]
[WhiteRD "67"]
[BlackElo "1676"]
[BlackRD "86"]
[GameID "209539"]

1. e4 e5 2. Nf3 Nc6 3. Bb5 a6 4. Bxc6 bxc6 5. Nxe5 Qg5 6. Ng4 Bb7 7. d3 Qd8 8. f4 Be7 9. O-O Nf6 10. f5 Nxg4
11. Qxg4 Bf6 12. Bf4 Bxb2 13. Qxg7 Bxg7 14. Nd2 Bxa1 15. Rxa1 f6 16. Rb1 Qc8 17. Bh6 d6 18. Nf3 c5 19. Bg7 Rg8 20. Bxf6 h6
21. Rb2 Bc6 22. Rb1 Ba4 23. Nh4 Bxc2 24. h3 Bxb1
0-1

[Event "RLEV #1"]
[Site "SchemingMind.com"]
[Date "2009.06.21"]
[Round "-"]
[White "andu"]
[Black "Keith Kelchner"]
[Result "1-0"]
[WhiteCountry "AUT"]
[BlackCountry "USA"]
[WhiteElo "2029"]
[WhiteRD "49"]
[BlackElo "1676"]
[BlackRD "86"]
[GameID "209540"]

1. e4 e5 2. Nf3 Nc6 3. Bb5 a6 4. Bxc6 bxc6 5. Nxe5 Qg5 6. d4 Qxg2 7. Qf3 Qxf3 8. Nxf3 c5 9. d5 Nf6 10. Bg5 Be7
11. Nc3 d6 12. O-O-O Bg4 13. Rd3 h6 14. Bxf6 Bxf6 15. Nd2 O-O 16. h3 Bd7 17. f4 Bb5 18. Rf3 Rfe8 19. a4 Bd7 20. e5 dxe5
21. Nde4 c6 22. Nxc5 Red8 23. Nxd7 Rxd7 24. dxc6 Rd4 25. fxe5 Bxe5 26. Rd1 Rc8 27. Rxd4 Bxd4 28. Nd5 Rxc6 29. Ne7+ Kh7 30. Nxc6 Bf6
31. b4 Bh4 32. Rxf7
1-0

[Event "RLEV #1"]
[Site "SchemingMind.com"]
[Date "2009.06.21"]
[Round "-"]
[White "DandyLion"]
[Black "Keith Kelchner"]
[Result "1-0"]
[WhiteCountry "IRL"]
[BlackCountry "USA"]
[WhiteElo "1921"]
[WhiteRD "75"]
[BlackElo "1676"]
[BlackRD "86"]
[GameID "209541"]

1. e4 e5 2. Nf3 Nc6 3. Bb5 a6 4. Bxc6 bxc6 5. d3 d6 6. O-O h6 7. Nc3 Be7 8. Be3 Be6 9. d4 Nf6 10. dxe5 Nd7
11. Bf4 Nc5 12. b4 Nb7 13. Nd4 Qd7 14. exd6 cxd6 15. Na4 Bd8 16. Nxe6 Qxe6 17. e5 Bc7 18. exd6 Bxd6 19. Re1 Bxf4 20. Rxe6+ fxe6
21. Qf3 O-O 22. Qxc6 Nd6 23. g3 Be5 24. Re1 Bd4 25. Re2 Rfd8 26. Rxe6 Nf7 27. Nc5 Bxc5 28. bxc5 a5 29. Re7 Rf8 30. Qd5 Rad8
31. Rd7 Rxd7 32. Qxd7 Ng5 33. f4 Nf7 34. c6
1-0